00610nam a2200193Ia 4500008004100000020001800041082001400059100002200073245001300095250000800108260004200116300002900158500001900187600003300206650001600239942000700255952013700262999001700399240925s9999 xx 000 0 und d a9789332549531 a514.3 MUN aMunkres, James R. 0aTopology a2nd aNew Delhi:bPearson Educationc,2013. axxiv, 495p.b0fOriginal aIncludes Index aHumanities & Natural Science aMathematics cBK 001040708HUMaUITUbUITUd2018-12-29eBook World Internationalg738.40l0o514.3 MUNpQ12997r2024-09-25 07:16:42w2024-09-25yBK c15496d15496